| 000 | 00730nam a2200265Ia 4500 | ||
|---|---|---|---|
| 003 | OSt | ||
| 005 | 20221006142713.0 | ||
| 006 | a|||||r|||| 00| 0 | ||
| 007 | ta | ||
| 008 | 221006b |||||||| |||| 00| 0 eng d | ||
| 020 |
_a0719029872 _cP29.95 |
||
| 024 | _a6,984 | ||
| 037 | _cTextual | ||
| 040 |
_aEASL _cEASL _beng |
||
| 041 |
_2eng _aeng |
||
| 082 | _aV495.F23, M9 | ||
| 100 |
_aWEINER Michael _9387629 |
||
| 245 | 0 | _aOrigins of Korean community in Japan 1910-1923 | |
| 260 |
_aManchester _bMenchester University Press _c1989 |
||
| 300 |
_a249p. _ccm. |
||
| 490 |
_v KEL _aStudies On East Asia |
||
| 650 | _aKEL | ||
| 942 |
_hV495.F23, M9 _cTEXL _2CC |
||
| 999 |
_c1075070 _d1075070 |
||